Top 15 wrs in speedblox (HappaTAS) - Statistics

General Stats
  • This quiz has been taken 4 times
  • The average score is 4 of 15
Answer Stats
Hint Answer % Correct
128 wrs 5z_k9
100%
35 wrs TheNoobFleet
67%
120 wrs tuilaai2002
67%
27 wrs ProLegends990
33%
3 wrs servyos
33%
6 wrs supergreat758
33%
34 wrs V0D1E
33%
2 wrs bidon112
0%
2 wrs BloxWarsGrinder1
0%
3 wrs ExtremeBaseplate
0%
2 wrs grei11062013
0%
4 wrs jakLanea
0%
4 wrs kellenc4
0%
23 wrs Pior58mundo
0%
29 wrs Talis_1214
0%
No matching quizzes found
Score Distribution
Percent of People with Each Score
Percentile by Number Answered
Your Score History
You have not taken this quiz